Statistics for 广西地图 Guangxi Map Quiz

Click here to take the quiz!

General Stats

  • This quiz has been taken 1 709 times
  • The average score is 11 of 14

Answers on the Map

Answers color-coded by a green-red scale on the quiz's map according to % correct below.
 

Answer Stats

区划% Correct
南宁市
98%
桂林市
97%
防城港市
92%
柳州市
91%
北海市
89%
百色市
82%
梧州市
77%
钦州市
77%
玉林市
71%
贵港市
66%
崇左市
65%
河池市
62%
来宾市
61%
贺州市
60%

Score Distribution

Percentile by Number Answered

Percent of People with Each Score

Your Score History

You have not taken this quiz